[Event "Division Honor Aragonesa Grupo B"]
[Site "Aragon"]
[Date "2017.01.28"]
[Round "1.24"]
[White "Melendez Fierro, Juan Bautista"]
[Black "Goni Navarro, Pablo"]
[Result "0-1"]
[WhiteElo "2134"]
[BlackElo "2135"]
[PlyCount "106"]
[EventDate "2017.01.28"]
[WhiteTeam "El Olivar"]
[BlackTeam "St. Casablanca"]

1. e4 c5 2. Nc3 g6 3. f4 Bg7 4. Nf3 d6 5. Bb5+ Bd7 6. Bxd7+ Qxd7 7. a4 Nc6 8.
O-O e6 9. d3 Nge7 10. Qe1 O-O 11. Ne2 Rac8 12. c3 f5 13. Be3 Rce8 14. Rd1 b6
15. b4 Nd8 16. b5 Nf7 17. Bf2 e5 18. fxe5 dxe5 19. Bg3 Qb7 20. Nc1 a6 21. Nb3
axb5 22. axb5 Qd7 23. c4 Ra8 24. Qc3 Ra3 25. Ra1 Rxa1 26. Nxa1 f4 27. Bh4 Nc8
28. Nc2 h6 29. Ra1 g5 30. Bf2 Bf6 31. Nce1 Qd8 32. Kf1 g4 33. Nd2 Bh4 34. g3
fxg3 35. Bxg3 Bxg3 36. hxg3 Qf6+ 37. Ke2 Ng5 38. Kd1 Nf3 39. Kc2 Nd4+ 40. Kb2
Qf2 41. Nc2 Qxg3 42. Rf1 Rxf1 43. Nxf1 Qf2 44. Nfe3 g3 45. Qe1 Qf3 46. Nf5 Nxf5
47. exf5 g2 48. Qxe5 g1=Q 49. Qe6+ Kh7 50. f6 Qg6 51. Qd7+ Kh8 52. Qxc8+ Qg8
53. Qc6 Qxc6 0-1

[Event "Division Honor Aragonesa Grupo B"]
[Site "Aragon"]
[Date "2017.01.28"]
[Round "1.25"]
[White "Garza Marco, Sergio"]
[Black "Cifuentes Parada, Roberto"]
[Result "1-0"]
[WhiteElo "2398"]
[BlackElo "2478"]
[PlyCount "85"]
[EventDate "2017.01.28"]
[WhiteTeam "Helios"]
[BlackTeam "Jaque"]

1. d4 d6 2. c4 e5 3. Nf3 e4 4. Ng5 f5 5. Nc3 Be7 6. Nh3 c6 7. g3 Nd7 8. Bg2 Nb6
9. b3 d5 10. c5 Nd7 11. b4 Nf8 12. O-O Ne6 13. Nf4 Bf6 14. Nxe6 Bxe6 15. b5 Ne7
16. Rb1 O-O 17. Bf4 g5 18. Bd6 Rf7 19. bxc6 bxc6 20. Qa4 Qd7 21. f4 exf3 22.
exf3 f4 23. g4 Ng6 24. Nd1 h5 25. h3 hxg4 26. hxg4 Rh7 27. Re1 Bf7 28. Nf2 Nh4
29. Be5 Bd8 30. Re2 Bg6 31. Rb3 Nxg2 32. Kxg2 Be8 33. Reb2 Qe6 34. Rb7 Qh6 35.
Rxh7 Qxh7 36. Qa6 Qd7 37. Rb7 Qc8 38. Rg7+ Kf8 39. Qd3 Qe6 40. Qh7 Bf7 41. Bd6+
Ke8 42. Qh8+ Kd7 43. Qf8 1-0

[Event "Division Honor Aragonesa Grupo B"]
[Site "Aragon"]
[Date "2017.01.28"]
[Round "1.26"]
[White "Gines Esteo, Pedro Antonio"]
[Black "Guzman Moneo, Alberto"]
[Result "1-0"]
[WhiteElo "2325"]
[BlackElo "2219"]
[PlyCount "103"]
[EventDate "2017.01.28"]
[WhiteTeam "Jaque"]
[BlackTeam "Helios"]

1. d4 g6 2. Nf3 Bg7 3. e4 d6 4. Nbd2 Nf6 5. Bd3 O-O 6. O-O Nc6 7. Re1 e5 8. c3
Nh5 9. dxe5 Nf4 10. Bf1 dxe5 11. Nc4 Qf6 12. Bxf4 Qxf4 13. Qc1 Bg4 14. Nfd2 Bh6
15. Ne3 Be6 16. g3 Qf6 17. Bc4 Rad8 18. Bxe6 Qxe6 19. Qc2 Ne7 20. Rad1 Bxe3 21.
Rxe3 Qxa2 22. Nf3 Qe6 23. Red3 Rd6 24. Rxd6 cxd6 25. Qd3 Rd8 26. Qb5 Qg4 27.
Rd3 Qxe4 28. Nxe5 a6 29. Qa5 Rf8 30. Rxd6 Nf5 31. Rd7 b5 32. Qc7 Nh6 33. Re7
Qe1+ 34. Kg2 Qe4+ 35. Nf3 Qa8 36. Qb7 Nf5 37. Rxf7 Qxb7 38. Rxb7 Nd6 39. Ra7
Nc4 40. b3 Na5 41. b4 Nb3 42. Rxa6 Rc8 43. Ra3 Nc1 44. Nd4 Rb8 45. Ra5 Rc8 46.
Nxb5 Ne2 47. Ra3 Rb8 48. c4 Nc1 49. Kf3 Kg7 50. Ke3 Re8+ 51. Kd2 Ne2 52. Re3
1-0

[Event "Division Honor Aragonesa Grupo B"]
[Site "Aragon"]
[Date "2017.01.28"]
[Round "1.27"]
[White "Cerrajeria Ruiz, Jesus Maria"]
[Black "Gonzalez Gambau, Jorge"]
[Result "0-1"]
[WhiteElo "2187"]
[BlackElo "2105"]
[PlyCount "68"]
[EventDate "2017.01.28"]
[WhiteTeam "Helios"]
[BlackTeam "Jaque"]

1. Nf3 d5 2. g3 Nf6 3. Bg2 Bf5 4. c4 e6 5. Qb3 Na6 6. cxd5 exd5 7. Qxb7 Nc5 8.
Qb5+ c6 9. Qxc6+ Bd7 10. Qxa8 Qxa8 11. Ne5 Bd6 12. Nxd7 Ncxd7 13. Nc3 O-O 14.
O-O Re8 15. d3 Qb8 16. Be3 Bc5 17. d4 Bd6 18. Nxd5 Qxb2 19. Nxf6+ Nxf6 20. Bf3
h5 21. Rfb1 Qc3 22. Rc1 Qa3 23. Bg5 Ne4 24. Be3 h4 25. gxh4 f5 26. Rc6 f4 27.
Bc1 Qa4 28. Bxe4 Qd1+ 29. Kg2 Rxe4 30. Rxd6 Qxe2 31. Ba3 Qg4+ 32. Kh1 f3 33.
Rg1 Re1 34. Rg6 Rxg1# 0-1

[Event "Division Honor Aragonesa Grupo B"]
[Site "Aragon"]
[Date "2017.01.28"]
[Round "1.28"]
[White "Ereza Vizcarra, Fernando"]
[Black "Aparicio Navarro, Pedro"]
[Result "1-0"]
[WhiteElo "1981"]
[BlackElo "2135"]
[PlyCount "65"]
[EventDate "2017.01.28"]
[WhiteTeam "Jaque"]
[BlackTeam "Helios"]

1. d4 Nf6 2. Nf3 e6 3. c4 c5 4. e3 cxd4 5. exd4 d5 6. Bd3 Bb4+ 7. Nbd2 dxc4 8.
Bxc4 O-O 9. O-O Nc6 10. Nb3 b6 11. Bg5 Be7 12. Rc1 Bb7 13. Qe2 Nd5 14. Bd2 Bf6
15. Ne5 Qd6 16. Rfe1 Nde7 17. Bc3 g6 18. Rcd1 Nd5 19. Bd2 Rac8 20. Bh6 Bg7 21.
Bxg7 Kxg7 22. Ba6 Bxa6 23. Qxa6 Ncb4 24. Qe2 Nxa2 25. Ra1 Ndb4 26. h4 Qd5 27.
Nd2 Nc2 28. Ndf3 Nxa1 29. Rxa1 Rc1+ 30. Rxc1 Nxc1 31. Qe3 Nb3 32. Ng4 h5 33.
Qh6+ 1-0

[Event "Division Honor Aragonesa Grupo B"]
[Site "Aragon"]
[Date "2017.01.28"]
[Round "1.29"]
[White "Cebrian Valverde, Jose Antonio"]
[Black "Salamero Pelay, Fernando"]
[Result "0-1"]
[WhiteElo "2137"]
[BlackElo "2163"]
[PlyCount "86"]
[EventDate "2017.01.28"]
[WhiteTeam "San Jose"]
[BlackTeam "Atletismo Huesca"]

1. d4 f5 2. Nc3 Nf6 3. g4 d5 4. g5 Ne4 5. Nh3 e6 6. Nxe4 dxe4 7. f3 c5 8. e3
cxd4 9. exd4 exf3 10. c3 Qd5 11. Kf2 e5 12. Qxf3 Be6 13. Qxd5 Bxd5 14. Bb5+ Nd7
15. Re1 e4 16. Nf4 Bf7 17. Nd3 a6 18. Ba4 Bd6 19. Bf4 Bxf4 20. Bxd7+ Kxd7 21.
Nxf4 g6 22. h4 h6 23. Rh1 Rag8 24. a3 Rg7 25. gxh6 Rxh6 26. Rh3 Kc6 27. Rg1 Kb5
28. Rg5 Kc4 29. Ke3 Kb3 30. Rg2 Rgh7 31. h5 gxh5 32. Rg5 Rf6 33. Rh2 h4 34. Nh3
Bh5 35. Kf4 Bg4 36. Nf2 Re7 37. Nxg4 fxg4+ 38. Kxg4 e3 39. Re5 Rg7+ 40. Kh3
Rf3+ 41. Kxh4 Rf8 42. Re2 Rg1 43. R2xe3 Rh8+ 0-1

[Event "Division Honor Aragonesa Grupo B"]
[Site "Aragon"]
[Date "2017.01.28"]
[Round "1.30"]
[White "Gella Lopez, Angel"]
[Black "Ferreruela Romero, Jose Joaqui"]
[Result "1-0"]
[WhiteElo "2101"]
[BlackElo "2073"]
[PlyCount "53"]
[EventDate "2017.01.28"]
[WhiteTeam "Atletismo Huesca"]
[BlackTeam "San Jose"]

1. d4 b6 2. c4 Bb7 3. Nc3 e6 4. a3 Nf6 5. d5 exd5 6. cxd5 Bd6 7. g3 O-O 8. Bg2
Re8 9. Nf3 c6 10. O-O cxd5 11. Nd4 Be5 12. Bg5 Nc6 13. e3 h6 14. Bxf6 Bxf6 15.
Nxd5 Bxd4 16. exd4 Ba6 17. Re1 Rxe1+ 18. Qxe1 Nxd4 19. Nb4 Be2 20. Qc3 Ne6 21.
Bxa8 Qxa8 22. Rc1 Nc5 23. Qe3 Bf3 24. Nd3 Nxd3 25. Qxd3 Bc6 26. Re1 g6 27. Qe3
1-0

[Event "Division Honor Aragonesa Grupo B"]
[Site "Aragon"]
[Date "2017.01.28"]
[Round "1.31"]
[White "Gutierrez Mingueza, Ruben"]
[Black "Luis Vitalla, Fernando"]
[Result "1/2-1/2"]
[WhiteElo "2068"]
[BlackElo "2086"]
[PlyCount "48"]
[EventDate "2017.01.28"]
[WhiteTeam "San Jose"]
[BlackTeam "Atletismo Huesca"]

1. d4 d5 2. Nf3 Nf6 3. c4 c6 4. Nc3 e6 5. e3 Nbd7 6. Qc2 Bd6 7. Bd3 O-O 8. O-O
e5 9. cxd5 cxd5 10. e4 exd4 11. Nxd5 Nxd5 12. exd5 h6 13. Nxd4 Qh4 14. Nf3 Qh5
15. Qc4 Nf6 16. Qh4 Qxh4 17. Nxh4 Nxd5 18. Bc4 Nb6 19. Bb3 Re8 20. Be3 Bg4 21.
h3 Be6 22. Bxe6 Rxe6 23. Nf3 Rc8 24. Rac1 Ree8 1/2-1/2

[Event "Division Honor Aragonesa Grupo B"]
[Site "Aragon"]
[Date "2017.01.28"]
[Round "1.32"]
[White "Gella Bitrian, Diego"]
[Black "Gimeno Oteo, Marco Antonio"]
[Result "1/2-1/2"]
[WhiteElo "2000"]
[BlackElo "2071"]
[PlyCount "116"]
[EventDate "2017.01.28"]
[WhiteTeam "Atletismo Huesca"]
[BlackTeam "San Jose"]

1. e4 e5 2. Nf3 Nc6 3. Bb5 a6 4. Ba4 Nf6 5. O-O Be7 6. Re1 b5 7. Bb3 O-O 8. d4
Nxd4 9. Bxf7+ Rxf7 10. Nxe5 Rf8 11. Qxd4 Bb7 12. Nc3 d6 13. Nf3 Ng4 14. Nd5 Bh4
15. Re2 c6 16. Nf4 Bxf2+ 17. Rxf2 c5 18. Qd3 Nxf2 19. Kxf2 Qe7 20. Nd5 Qf7 21.
Kg1 Rae8 22. Bd2 Qg6 23. Re1 c4 24. Qc3 Bxd5 25. exd5 Rxe1+ 26. Bxe1 Qe4 27.
Qd4 Qxc2 28. Bc3 Qg6 29. Qe3 Re8 30. Qd2 h6 31. Nd4 Qb1+ 32. Kf2 Rf8+ 33. Nf3
Qe4 34. Qd4 Qxd4+ 35. Bxd4 Rf5 36. Ke3 Rxd5 37. Ke4 Rh5 38. a3 b4 39. axb4 a5
40. bxa5 Rxa5 41. Bc3 Rb5 42. Nd4 Rg5 43. g3 Kf7 44. Nf5 d5+ 45. Kf4 Rh5 46. h4
g6 47. g4 g5+ 48. Kf3 Rxh4 49. Nxh4 gxh4 50. Kg2 Kg6 51. Kh3 h5 52. Bd4 hxg4+
53. Kxg4 h3 54. Kxh3 Kf5 55. Kg3 Ke4 56. Bg7 d4 57. Kf2 Kd3 58. Ke1 c3 1/2-1/2

[Event "Preferente Aragonesa Grupo A"]
[Site "?"]
[Date "2017.01.28"]
[Round "1.33"]
[White "Malo Guillen, Jose Luis"]
[Black "Rodes Apilluelo, Jose Maria"]
[Result "1/2-1/2"]
[WhiteElo "2118"]
[BlackElo "2016"]
[PlyCount "31"]
[EventDate "2017.01.28"]
[WhiteTeam "Las Fuentes"]
[BlackTeam "St. Casablanca C"]

1. d4 Nf6 2. Nf3 e6 3. c4 d5 4. g3 dxc4 5. Qa4+ c6 6. Qxc4 b5 7. Qc2 Bb7 8. Bg2
Qc8 9. O-O Nbd7 10. Nc3 a6 11. Be3 c5 12. dxc5 Bxc5 13. Bxc5 Qxc5 14. Rac1 Rc8
15. Qd2 Qb6 16. Rfd1 1/2-1/2

[Event "Preferente Aragonesa Grupo A"]
[Site "?"]
[Date "2017.01.28"]
[Round "1.34"]
[White "Jaques Burguete, Raul"]
[Black "Querol Soro, Sergio"]
[Result "1/2-1/2"]
[WhiteElo "2011"]
[BlackElo "1959"]
[PlyCount "25"]
[EventDate "2017.01.28"]
[WhiteTeam "St. Casablanca C"]
[BlackTeam "Las Fuentes"]

1. e4 g6 2. d4 Bg7 3. f4 d5 4. e5 c5 5. Nf3 Nc6 6. Be3 Bg4 7. dxc5 d4 8. Bf2
Qd5 9. Bb5 Qe4+ 10. Qe2 Qxf4 11. Bg3 Qc1+ 12. Qd1 Qe3+ 13. Qe2 1/2-1/2

[Event "Preferente Aragonesa Grupo A"]
[Site "?"]
[Date "2017.01.28"]
[Round "1.35"]
[White "Alonso Blasco, Jose Miguel"]
[Black "Antonano Fedz-Quincoces, Aveli"]
[Result "1/2-1/2"]
[WhiteElo "1952"]
[BlackElo "1949"]
[PlyCount "92"]
[EventDate "2017.01.28"]
[WhiteTeam "Las Fuentes"]
[BlackTeam "St. Casablanca C"]

1. e4 c5 2. Nf3 g6 3. d4 cxd4 4. Qxd4 Nf6 5. Bb5 Nc6 6. Bxc6 bxc6 7. e5 Nd5 8.
e6 f6 9. exd7+ Qxd7 10. O-O Bg7 11. c4 e5 12. Qc5 Bf8 13. Qa5 Qc7 14. Qxc7 Nxc7
15. Be3 Be6 16. b3 Na6 17. Nc3 Bf5 18. Na4 Be7 19. Rfd1 Kf7 20. Ne1 Nb4 21. Bc5
Rhd8 22. Bxe7 Kxe7 23. Nc3 Nc2 24. Rac1 Rxd1 25. Rxd1 Nxe1 26. Rxe1 Rd8 27. Rd1
Rxd1+ 28. Nxd1 Kd6 29. Kf1 Kc5 30. Ke2 Kd4 31. Kd2 a5 32. Nc3 Bd3 33. g3 f5 34.
h4 h6 35. Nd1 g5 36. hxg5 hxg5 37. Nc3 g4 38. Nd1 f4 39. Nc3 Bf5 40. Nd1 fxg3
41. fxg3 Bb1 42. Nc3 Bd3 43. Nd1 Be4 44. Ne3 Bf3 45. Nf5+ Kc5 46. Kc3 Be4
1/2-1/2

[Event "Preferente Aragonesa Grupo A"]
[Site "?"]
[Date "2017.01.28"]
[Round "1.36"]
[White "Alvarez Gonzalo, Miguel Angel"]
[Black "Mombiela De Sus, Jose Luis"]
[Result "0-1"]
[WhiteElo "1860"]
[BlackElo "1911"]
[PlyCount "86"]
[EventDate "2017.01.28"]
[WhiteTeam "St. Casablanca C"]
[BlackTeam "Las Fuentes"]

1. c4 f5 2. Nc3 Nf6 3. g3 e6 4. Bg2 Be7 5. d4 O-O 6. Nf3 d6 7. O-O Qe8 8. e3 c6
9. b3 e5 10. d5 Na6 11. Bb2 Bd7 12. Ne1 Nc5 13. Nd3 Nce4 14. Nxe4 fxe4 15. Ne1
Bg4 16. f3 exf3 17. Bxf3 Qh5 18. Qd2 cxd5 19. Bxd5+ Nxd5 20. Qxd5+ Kh8 21. Ng2
Bf3 22. Qd2 Rf6 23. Rf2 Rh6 24. Ne1 Bc6 25. Qe2 Qg6 26. Nf3 Qe4 27. Raf1 Rf6
28. h3 Raf8 29. Kg2 g5 30. g4 h5 31. Kg3 h4+ 32. Kg2 a6 33. a4 Bd8 34. b4 b5
35. axb5 axb5 36. c5 dxc5 37. bxc5 Be7 38. Kg1 Rxf3 39. Rxf3 Rxf3 40. Bxe5+
Qxe5 41. Rxf3 Bxf3 42. Qxf3 Qg3+ 43. Qxg3 hxg3 0-1

[Event "Preferente Aragonesa Grupo A"]
[Site "?"]
[Date "2017.01.28"]
[Round "1.37"]
[White "Pellicer Cemeli, Jose Luis"]
[Black "Manguez Tomas, Andres"]
[Result "1/2-1/2"]
[WhiteElo "1967"]
[BlackElo "2007"]
[PlyCount "61"]
[EventDate "2017.01.28"]
[WhiteTeam "L'Aurora Estadilla B"]
[BlackTeam "Agrupacion C"]

1. d4 f5 2. Bg5 h6 3. Bh4 g5 4. Bg3 Bg7 5. e3 Nf6 6. Nc3 d6 7. Bc4 Nc6 8. Nd5
e6 9. Nxf6+ Qxf6 10. h4 g4 11. Ne2 h5 12. c3 Bd7 13. d5 exd5 14. Bxd5 O-O-O 15.
Bf4 Bh6 16. Qb3 Bxf4 17. Nxf4 Rde8 18. O-O-O Nd8 19. g3 Bc6 20. Rd4 Bxd5 21.
Rxd5 Ne6 22. Nd3 Nd8 23. Qa4 Nc6 24. Rd1 Re4 25. Qb3 a6 26. Nf4 Qf7 27. Qc2
Rhe8 28. Kb1 R4e5 29. Qd3 Re4 30. Qc2 R4e5 31. Qd3 1/2-1/2

[Event "Preferente Aragonesa Grupo A"]
[Site "?"]
[Date "2017.01.28"]
[Round "1.38"]
[White "Larrosa Poves, Jose Manuel"]
[Black "Puertolas Serena, Arturo"]
[Result "1/2-1/2"]
[WhiteElo "1978"]
[BlackElo "1832"]
[PlyCount "72"]
[EventDate "2017.01.28"]
[WhiteTeam "Agrupacion C"]
[BlackTeam "L'Aurora Estadilla B"]

1. d4 c6 2. c4 d5 3. Nc3 Nf6 4. Nf3 a6 5. cxd5 cxd5 6. Bf4 Nc6 7. e3 Bg4 8. h3
Bxf3 9. gxf3 e6 10. Rc1 Nh5 11. Bh2 Bd6 12. Bxd6 Qxd6 13. f4 g6 14. Qd2 f5 15.
Bd3 Nf6 16. f3 Kf7 17. Rg1 Rac8 18. Na4 Nd7 19. a3 Qe7 20. Kf2 Qh4+ 21. Kg2
Rhg8 22. Kh2 Qh5 23. Rg3 g5 24. fxg5 Rxg5 25. Rxg5 Qxg5 26. Rg1 Qh6 27. Qg2 Ne7
28. Qf2 b5 29. Nc3 Nb6 30. f4 Nc4 31. Bxc4 Rxc4 32. Rc1 Qh5 33. Na2 Rxc1 34.
Nxc1 Qd1 35. Na2 Ng6 36. Nb4 a5 1/2-1/2

[Event "Preferente Aragonesa Grupo A"]
[Site "?"]
[Date "2017.01.28"]
[Round "1.39"]
[White "Rodriguez Avellanas, Jose Manu"]
[Black "Lopez Guaita, Fernando"]
[Result "1/2-1/2"]
[WhiteElo "1730"]
[BlackElo "1925"]
[PlyCount "55"]
[EventDate "2017.01.28"]
[WhiteTeam "L'Aurora Estadilla B"]
[BlackTeam "Agrupacion C"]

1. c4 Nf6 2. Nc3 d5 3. cxd5 Nxd5 4. g3 e5 5. Bg2 Nxc3 6. bxc3 Bc5 7. e3 O-O 8.
d4 exd4 9. cxd4 Bb4+ 10. Bd2 Qd6 11. Nf3 Nc6 12. O-O Bf5 13. Bxb4 Qxb4 14. a3
Qe7 15. Qb3 Rab8 16. Nd2 Rfd8 17. Rfc1 h6 18. Qc3 Rdc8 19. Qc5 Qxc5 20. Rxc5
Ne7 21. Rac1 c6 22. Nc4 Rd8 23. Ne5 Be6 24. Ra5 a6 25. Ra4 Bd5 26. Ra5 Be6 27.
Ra4 Bd5 28. Ra5 1/2-1/2

[Event "Preferente Aragonesa Grupo A"]
[Site "?"]
[Date "2017.01.28"]
[Round "1.40"]
[White "Sanchez Moreno, Jose Carlos"]
[Black "Palacian Campodarve, Javier"]
[Result "0-1"]
[WhiteElo "1797"]
[BlackElo "1718"]
[PlyCount "72"]
[EventDate "2017.01.28"]
[WhiteTeam "Agrupacion C"]
[BlackTeam "L'Aurora Estadilla B"]

1. Nf3 d5 2. b3 c5 3. Bb2 Nc6 4. e3 Nf6 5. d4 cxd4 6. exd4 Bg4 7. Nbd2 e6 8.
Bd3 Be7 9. Nf1 Qb6 10. Ng3 O-O 11. h3 Bxf3 12. gxf3 Bd6 13. Rg1 Rfe8 14. Qd2
Qc7 15. Nh5 Nxh5 16. Qg5 Nb4 17. Qxh5 Nxd3+ 18. cxd3 Qc2 19. Bc1 Bb4+ 20. Kf1
Qxd3+ 21. Kg2 Bc3 22. Kh1 Bxd4 23. Bf4 Bxa1 24. Rxa1 Rec8 25. Rg1 Qf5 26. Qh4
Rc2 27. Rg5 Qf6 28. Qg3 Re2 29. Rg4 Rc8 30. Bg5 Qa1+ 31. Kh2 g6 32. Qf4 Qe5 33.
Qxe5 Rxe5 34. Ra4 a6 35. Rb4 b5 36. a4 Rxg5 0-1

[Event "Preferente Aragonesa Grupo A"]
[Site "?"]
[Date "2017.01.28"]
[Round "1.41"]
[White "Lacruz Algarate, Alvaro"]
[Black "Gracia Campo, Carlos Alberto"]
[Result "1-0"]
[WhiteElo "2121"]
[BlackElo "2082"]
[PlyCount "87"]
[EventDate "2017.01.28"]
[WhiteTeam "Monsalud"]
[BlackTeam "El Olivar B"]

1. e4 d6 2. d4 Nf6 3. Nc3 g6 4. Be3 Bg7 5. Qd2 c6 6. f3 h5 7. O-O-O b5 8. h4 a5
9. Nh3 a4 10. Ne2 Qa5 11. Nef4 Nbd7 12. Qxa5 Rxa5 13. e5 Nd5 14. Nxd5 cxd5 15.
exd6 a3 16. dxe7 axb2+ 17. Kxb2 Nb6 18. Bd2 Bxd4+ 19. Kb1 Ra7 20. Bxb5+ Bd7 21.
Bxd7+ Kxd7 22. Bb4 Bf6 23. Nf4 Kc6 24. Rhe1 Re8 25. g3 Rb7 26. a3 Bxe7 27. Rd3
Nc4 28. Ka2 Rxb4 29. axb4 Ra8+ 30. Kb1 Bxb4 31. c3 Na3+ 32. Kc1 Nc4 33. Kc2
Ra2+ 34. Kb1 Rb2+ 35. Ka1 Bd6 36. Rd4 Rc2 37. Nxd5 Kc5 38. f4 Bf8 39. Re8 Rxc3
40. Nxc3 Bg7 41. Rd3 Nd6 42. Re7 Kc4 43. Rxd6 Bxc3+ 44. Kb1 1-0

[Event "Preferente Aragonesa Grupo A"]
[Site "?"]
[Date "2017.01.28"]
[Round "1.42"]
[White "Galve Guinea, Alejandro"]
[Black "Accattato Martin, Nicola"]
[Result "0-1"]
[WhiteElo "2029"]
[BlackElo "2018"]
[PlyCount "58"]
[EventDate "2017.01.28"]
[WhiteTeam "El Olivar B"]
[BlackTeam "Monsalud"]

1. Nf3 d6 2. d4 Nd7 3. c4 e5 4. e4 Ngf6 5. Nc3 c6 6. Be2 Be7 7. O-O O-O 8. Qc2
Kh8 9. b3 Ng8 10. dxe5 dxe5 11. Be3 g6 12. Rad1 Qe8 13. Na4 f5 14. exf5 gxf5
15. Qb2 Bf6 16. Ne1 f4 17. Bd2 e4 18. Bc3 Qg6 19. f3 e3 20. Qc2 Qg5 21. Qe4 Ne5
22. Bxe5 Bxe5 23. Nc5 Bc3 24. Ne6 Bxe6 25. Qxe6 Rf6 26. Qg4 Qa5 27. Nd3 Qxa2
28. Nxf4 Raf8 29. Nh5 Rg6 0-1

[Event "Preferente Aragonesa Grupo A"]
[Site "?"]
[Date "2017.01.28"]
[Round "1.43"]
[White "Miranda Garcia, Eduardo"]
[Black "Bailo Remacha, Santiago"]
[Result "0-1"]
[WhiteElo "1844"]
[BlackElo "1957"]
[PlyCount "98"]
[EventDate "2017.01.28"]
[WhiteTeam "Monsalud"]
[BlackTeam "El Olivar B"]

1. e4 c5 2. Nc3 d6 3. g3 Nc6 4. Bg2 g6 5. d3 Bg7 6. Nge2 a6 7. O-O b5 8. Rb1
Bb7 9. a3 Nd4 10. Nxd4 cxd4 11. Ne2 Qc7 12. Bd2 Rc8 13. Rc1 Qb6 14. f4 Nf6 15.
Bh3 e6 16. g4 Nxe4 17. dxe4 d3+ 18. Rf2 dxe2 19. Qxe2 Bd4 20. Bg2 Bxf2+ 21.
Qxf2 Qxf2+ 22. Kxf2 f5 23. Bc3 Rg8 24. exf5 Bxg2 25. Kxg2 gxf5 26. g5 e5 27.
Kf3 e4+ 28. Ke3 Kd7 29. h4 Ke6 30. h5 d5 31. Bd4 a5 32. b3 a4 33. c3 Rc6 34.
Rb1 Rgc8 35. Kd2 axb3 36. Rxb3 Ra8 37. Rxb5 Rxa3 38. Rb7 Ra2+ 39. Ke3 Rh2 40.
Rxh7 Rh3+ 41. Kd2 Rc8 42. Rh6+ Kd7 43. Rh7+ Kc6 44. h6 Rb8 45. Kc2 Rh2+ 46. Kc1
Rbb2 47. Be3 Rbe2 48. Kd1 Ra2 49. Bc1 Rh1# 0-1

[Event "Preferente Aragonesa Grupo A"]
[Site "?"]
[Date "2017.01.28"]
[Round "1.44"]
[White "Arinez Bruna, Octavio"]
[Black "Miranda Herrera, Miguel"]
[Result "1-0"]
[WhiteElo "1890"]
[BlackElo "1496"]
[PlyCount "53"]
[EventDate "2017.01.28"]
[WhiteTeam "El Olivar B"]
[BlackTeam "Monsalud"]

1. d4 d6 2. Nf3 Nf6 3. Bg5 g6 4. Bxf6 exf6 5. c4 Bg7 6. Nc3 O-O 7. g3 Bg4 8.
Bg2 Qc8 9. O-O Bh3 10. Nd5 Re8 11. Bxh3 Qxh3 12. Nxc7 Nd7 13. Nxa8 Rxa8 14. Rc1
g5 15. Qd3 h5 16. Qe4 Bh6 17. Rc2 f5 18. Qxb7 Nf6 19. Qxa8+ Kg7 20. c5 d5 21.
c6 f4 22. c7 g4 23. c8=Q fxg3 24. hxg3 Be3 25. Qh8+ Kg6 26. Nh4+ Kg5 27. Qg7#
1-0

[Event "Preferente Aragonesa Grupo A"]
[Site "?"]
[Date "2017.01.28"]
[Round "1.45"]
[White "Guetas Sanchez, Hugo"]
[Black "Vallverdu Miret, Oscar"]
[Result "1/2-1/2"]
[WhiteElo "2131"]
[BlackElo "2071"]
[PlyCount "118"]
[EventDate "2017.01.28"]
[WhiteTeam "SMA Barbastro"]
[BlackTeam "Fraga"]

1. d4 d6 2. Nf3 Nf6 3. g3 g6 4. Bg2 Bg7 5. c4 O-O 6. Nc3 c5 7. O-O Nc6 8. h3
cxd4 9. Nxd4 Nxd4 10. Qxd4 Be6 11. Qd2 Qc8 12. Kh2 Bxc4 13. b3 Nd5 14. Bxd5
Bxc3 15. Qxc3 Bxd5 16. Qd4 Qc5 17. Qh4 f6 18. Bh6 Rfc8 19. Rac1 Qb5 20. Qg4
Rxc1 21. Rxc1 Kf7 22. Be3 Bc6 23. Rc2 Qd5 24. f3 Qe6 25. Qd4 a6 26. Bg1 h5 27.
Kg2 Bd7 28. h4 Rc8 29. Qd2 Rxc2 30. Qxc2 Bb5 31. e4 Qe5 32. a4 Bd7 33. Be3 Be6
34. b4 Qa1 35. a5 Qa2 36. Qxa2 Bxa2 37. Kf2 Bc4 38. Ke1 f5 39. exf5 gxf5 40. f4
Ke6 41. Kf2 Kd5 42. Kf3 Bb3 43. Bf2 Kc4 44. Be1 Kd3 45. Bf2 Bd1+ 46. Kg2 Ke2
47. Bd4 Kd3 48. Bf2 e5 49. Bb6 exf4 50. gxf4 Kc4 51. Kf2 Kxb4 52. Ke3 Kc4 53.
Bd4 Bc2 54. Bb6 Be4 55. Kd2 Bc6 56. Ke3 Kd5 57. Kd3 Bb5+ 58. Ke3 Bf1 59. Bd4
Kc4 1/2-1/2

[Event "Preferente Aragonesa Grupo A"]
[Site "?"]
[Date "2017.01.28"]
[Round "1.46"]
[White "Aribau Rivas, Miguel Angel"]
[Black "Sig Vargas, Pablo"]
[Result "1-0"]
[WhiteElo "2030"]
[BlackElo "1890"]
[PlyCount "79"]
[EventDate "2017.01.28"]
[WhiteTeam "Fraga"]
[BlackTeam "SMA Barbastro"]

1. e4 e5 2. Nf3 Nf6 3. Bc4 Nc6 4. d3 Be7 5. O-O O-O 6. Re1 d6 7. a4 Be6 8. Nbd2
Nd7 9. c3 Bxc4 10. Nxc4 Kh8 11. Ne3 Bf6 12. Nd5 Nb6 13. Nxf6 Qxf6 14. a5 Nd7
15. a6 b5 16. d4 Rfe8 17. Qd3 Rab8 18. d5 Nc5 19. Qc2 Ne7 20. Be3 h6 21. b4 Na4
22. c4 Nb6 23. cxb5 Rec8 24. Nd2 Qg6 25. Nc4 Nexd5 26. Na5 Ne7 27. Qc3 Qe6 28.
f4 exf4 29. Bxf4 Ng6 30. Bxh6 Qe5 31. Qxe5 Nxe5 32. Be3 c5 33. bxc5 dxc5 34.
Bf4 Nbd7 35. Nc6 Nd3 36. Nxb8 Nxe1 37. Nxd7 Nd3 38. b6 axb6 39. Nxb6 Rd8 40.
Bc7 1-0

[Event "Preferente Aragonesa Grupo A"]
[Site "?"]
[Date "2017.01.28"]
[Round "1.47"]
[White "Avellanas Pau, Miguel Angel"]
[Black "Alsina Franco, Sergio"]
[Result "1-0"]
[WhiteElo "1861"]
[BlackElo "1875"]
[PlyCount "67"]
[EventDate "2017.01.28"]
[WhiteTeam "SMA Barbastro"]
[BlackTeam "Fraga"]

1. e4 c6 2. Nf3 d5 3. Nc3 dxe4 4. Nxe4 Nf6 5. Ng3 h5 6. Bc4 Bg4 7. Ne5 e6 8. f3
h4 9. Nf1 Bf5 10. d4 Nbd7 11. Qe2 Nb6 12. Ne3 Nxc4 13. Nxf5 Nd6 14. Ne3 Qb6 15.
c3 O-O-O 16. a4 Nd7 17. a5 Qc7 18. h3 Nxe5 19. dxe5 Nf5 20. Nxf5 exf5 21. Be3
Qxe5 22. Bxa7 Qg3+ 23. Bf2 Qxg2 24. Rg1 Qh2 25. a6 b5 26. a7 Kb7 27. Qe3 Bc5
28. Qxc5 Rhe8+ 29. Kf1 Qxh3+ 30. Rg2 Qxf3 31. a8=Q+ Rxa8 32. Qb6+ Kc8 33. Rxa8+
Kd7 34. Qd4+ 1-0

[Event "Preferente Aragonesa Grupo A"]
[Site "?"]
[Date "2017.01.28"]
[Round "1.48"]
[White "Chesa Chavarria, Aurelio"]
[Black "Campo Pelegrin, Ramon"]
[Result "0-1"]
[WhiteElo "1770"]
[BlackElo "1771"]
[PlyCount "90"]
[EventDate "2017.01.28"]
[WhiteTeam "Fraga"]
[BlackTeam "SMA Barbastro"]

1. d4 d5 2. c4 c6 3. Nc3 Nf6 4. Nf3 e6 5. e3 Be7 6. Qc2 Nbd7 7. g4 Bb4 8. Bd2
Bxc3 9. Bxc3 Ne4 10. Bd3 Nxc3 11. Qxc3 Qf6 12. Ke2 dxc4 13. Bxc4 O-O 14. Bd3 c5
15. Rac1 b6 16. g5 Qe7 17. Qc2 g6 18. h4 Bb7 19. Be4 Ba6+ 20. Bd3 Bb7 21. Be4
Ba6+ 22. Ke1 Rac8 23. Qa4 Nb8 24. Qd1 cxd4 25. Nxd4 Qb4+ 26. Rc3 Rxc3 27. bxc3
Qxc3+ 28. Qd2 Qa1+ 29. Qd1 Qxa2 30. f4 Qc4 31. h5 Rc8 32. hxg6 hxg6 33. Kf2 Rc7
34. Qa1 Qc3 35. Qb1 Qd2+ 36. Kf3 Bb7 37. Bxb7 Rxb7 38. Qa1 e5 39. Ne2 Qd5+ 40.
Kf2 Re7 41. Qc1 Nc6 42. Qg1 exf4 43. Nxf4 Qd2+ 44. Kg3 Qxe3+ 45. Kg4 Ne5+ 0-1